[Event "Oberliga Wuerttemberg 1516"]
[Site "Wuerttemberg"]
[Date "2016.03.13"]
[Round "8.8"]
[White "Hofmann, Martin"]
[Black "Bauer, Manfred"]
[Result "1/2-1/2"]
[WhiteElo "2149"]
[BlackElo "2020"]
[PlyCount "115"]
[EventDate "2015.09.20"]
[EventType "team-tourn"]
[EventRounds "9"]
[EventCountry "GER"]
[SourceTitle "EXT 2019"]
[Source "ChessBase"]
[SourceDate "2018.10.10"]
[SourceVersion "1"]
[SourceVersionDate "2018.10.10"]
[SourceQuality "1"]
[WhiteTeam "Stuttgart SF"]
[BlackTeam "Schmiden Cannstatt"]
[WhiteTeamCountry "GER"]
[BlackTeamCountry "GER"]

1. d4 Nf6 2. c4 g6 3. Nc3 d5 4. Nf3 Bg7 5. e3 c5 6. dxc5 Qa5 7. cxd5 Nxd5 8. Qxd5 Bxc3+ 9. Bd2 Bxd2+ 10. Qxd2 Qxd2+ 11. Nxd2 Be6 12. Bb5+ Nd7 13. Ke2 0-0 14. Rhc1 Nf6 15. a3 Rfd8 16. f3 Rac8 17. b4 a6 18. Bc4 Bd7 19. Rc3 Bc6 20. e4 Nd7 21. Ke3 Kg7 22. Be2 f5 23. Bd3 Ne5 24. exf5 Nxd3 25. f6+ exf6 26. Rxd3 Re8+ 27. Kf2 Bb5 28. Rd6 Re2+ 29. Kg3 Bc6 30. Rc1 Rce8 31. Rc3 R8e5 32. h4 g5 33. h5 f5 34. Nc4 Re7 35. h6+ Kf7 36. Rd2 f4+ 37. Kg4 Rxd2 38. Nxd2 Kg6 39. Kh3 Kxh6 40. Nc4 Re1 41. Kh2 Kh5 42. Na5 Kh4 43. Nxc6 bxc6 44. Rc4 Re2 45. Re4 Ra2 46. Re6 h5 47. Re4 g4 48. Rxf4 Kg5 49. Rf8 Rxa3 50. fxg4 hxg4 51. Rc8 Rb3 52. Rxc6 Rxb4 53. Rxa6 Rc4 54. Rc6 Rc2 55. Rc8 Kh4 56. Rh8+ Kg5 57. Rc8 Kh4 58. Rh8+ 1/2-1/2

[Event "GER-chT11-A email"]
[Site "GER email"]
[Date "2015.10.15"]
[Round "?.4"]
[White "Bauer, Manfred"]
[Black "Dorer, Manfred"]
[Result "1/2-1/2"]
[WhiteElo "2389"]
[BlackElo "2343"]
[PlyCount "73"]
[EventDate "2015.??.??"]
[EventType "tourn (corr)"]
[EventRounds "8"]
[EventCountry "GER"]
[SourceTitle "Corr 2017"]
[Source "ChessBase"]
[SourceDate "2017.09.19"]
[SourceVersion "1"]
[SourceVersionDate "2017.09.19"]
[SourceQuality "1"]
[WhiteTeam "FSF Rochade 5171"]
[BlackTeam "Hamburg SG BUE"]

1. e4 c5 2. Nf3 Nc6 3. d4 cxd4 4. Nxd4 Nf6 5. Nc3 e5 6. Ndb5 d6 7. Bg5 a6 8. Na3 b5 9. Nd5 Be7 10. Bxf6 Bxf6 11. c3 0-0 12. Nc2 Bg5 13. a4 bxa4 14. Rxa4 a5 15. Bc4 Rb8 16. b3 Kh8 17. Nce3 g6 18. h4 Bxh4 19. g3 Bg5 20. f4 exf4 21. gxf4 Bh4+ 22. Kd2 Ne7 23. Kc2 Nxd5 24. Nxd5 Bf6 25. f5 Rg8 26. Nxf6 Qxf6 27. Rh6 Bb7 28. Qh1 Rg7 29. Rxa5 Qg5 30. Bd5 Bxd5 31. Rxd5 Qe3 32. Rd3 Qa7 33. Rdh3 Kg8 34. Rxh7 Rxh7 35. Rxh7 Qf2+ 36. Kd3 Qg3+ 37. Kc2 1/2-1/2

[Event "GER-chT11-A email"]
[Site "GER email"]
[Date "2015.10.15"]
[Round "?.4"]
[White "Janzen, Norbert"]
[Black "Bauer, Manfred"]
[Result "1/2-1/2"]
[WhiteElo "2469"]
[BlackElo "2389"]
[PlyCount "73"]
[EventDate "2015.??.??"]
[EventType "tourn (corr)"]
[EventRounds "8"]
[EventCountry "GER"]
[SourceTitle "Corr 2017"]
[Source "ChessBase"]
[SourceDate "2017.09.19"]
[SourceVersion "1"]
[SourceVersionDate "2017.09.19"]
[SourceQuality "1"]
[WhiteTeam "The Underdogs"]
[BlackTeam "FSF Rochade 5171"]

1. e4 c5 2. Nf3 d6 3. d4 cxd4 4. Nxd4 Nf6 5. Nc3 g6 6. Be3 Bg7 7. f3 0-0 8. Qd2 Nc6 9. Bc4 Bd7 10. 0-0-0 Rb8 11. h4 b5 12. Ncxb5 Na5 13. Na3 Nxc4 14. Nxc4 Qc7 15. b3 a5 16. Bh6 Bxh6 17. Qxh6 a4 18. h5 axb3 19. axb3 Qa7 20. Qe3 Nxh5 21. Nf5 Qxe3+ 22. Ncxe3 Rfe8 23. Kb2 f6 24. g3 Ng7 25. Nd4 h5 26. f4 Ne6 27. Nxe6 Bxe6 28. c4 Rb7 29. Kc3 Kg7 30. Rb1 Bd7 31. Rhe1 Bc6 32. Nc2 e5 33. Nb4 exf4 34. Nxc6 fxg3 35. Re3 h4 36. Rh1 Rh8 37. Rg1 1/2-1/2